Estadísticas para Economías más grandes en 2050

Haz click aquí para intentar la prueba.

Estadísticas generales

  • Esta prueba ha sido intentada 2.533 veces
    (239 desde el último reinicio)
  • La puntuación promedio es 18 de 20

Estadísticas de respuestas

PBIPaís% Correcto
58 499China
100%
34 102Estados Unidos
99%
6 138Alemania
98%
44 128India
98%
7 131Rusia
98%
6 779Japón
97%
6 863México
97%
7 540Brasil
96%
4 705Francia
96%
5 369Reino Unido
96%
3 539Corea del Sur
91%
10 502Indonesia
91%
4 694Arabia Saudita
90%
4 333Egipto
86%
3 900Irán
86%
4 348Nigeria
84%
5 184Turquía
84%
4 236Pakistán
81%
3 176Vietnam
72%
3 334Filipinas
71%

Distribución de puntuación

Porcentaje por número respondido

Porcentaje de gente con cada puntuación

Historial de tus puntuaciones

No has intentado esta prueba desde el último reinicio